| 000 | 00764nam a2200265 a 4500 | ||
|---|---|---|---|
| 001 | 40669 | ||
| 003 | BD-RjUL | ||
| 005 | 20211209053249.0 | ||
| 008 | 160508s1986 cau b 001 0 eng | ||
| 020 | _a0534054846 | ||
| 035 | _a(BD-RjUL) 40784 | ||
| 040 |
_a(BD-RjUL) _c(BD-RjUL) _d(BD-RjUL) _beng |
||
| 041 | _aeng | ||
| 082 | 0 | 0 |
_a174.4 _223 _bBAM 1986 |
| 100 | 1 |
_aBarry, Vincent E. _9125124 |
|
| 245 | 1 | 0 |
_aMoral issues in business / _cVincent Barry. |
| 250 | _a3rd ed. | ||
| 260 |
_aBelmont, Calif. : _bWadsworth, _cc1986. |
||
| 300 |
_axv, 502 p. ; _c25 cm. |
||
| 504 | _aIncludes bibliographies and index. | ||
| 650 | 0 |
_aBusiness ethics. _9125125 |
|
| 650 | 0 |
_aBusiness ethics _xCase studies. _9125126 |
|
| 942 |
_2ddc _cBK |
||
| 999 |
_c40669 _d40669 |
||